| 000 | 00530nam a2200169 i 4500 | ||
|---|---|---|---|
| 001 | 63735 | ||
| 003 | ES-MaACL | ||
| 005 | 20230906164945.0 | ||
| 007 | t| | ||
| 008 | 031216s1918 fr ||||1| fre d | ||
| 100 | 1 |
_aFiessinger, Noel. _950727 |
|
| 245 | 1 | 4 |
_aLes diagnostics biologiques en clientèle / _cpar Noel Fiessinger. |
| 260 |
_aParis : _bA. Maloine, _c1918 ( _eEvreux : _fCh. Herissey) |
||
| 300 |
_aII, 332 p., 8 lám. : _bil. ; _c19 cm. |
||
| 650 | 4 |
_aDiagnóstico de laboratorio. _9158370 |
|
| 852 |
_aES-MaACL _jB-11641 |
||
| 999 |
_c63735 _d63735 |
||